000 00529nam a22001697a 4500
999 _c11854
_d11854
003 OSt
008 230302b ||||| |||| 00| 0 eng d
020 _a9789354539961
082 _a331.0954 SRI
100 _aSRIVASTAVA, S.C.
245 _aIndustrial Relations and Labour Laws: Including labour laws on social security, wages, minimum standards of Employment and Labour Code
250 _a8th ed.
260 _aNoida
_bVikas Publishing House Private Limited
_c2023
300 _a800 p.
650 _aB.Com.
942 _2ddc
_cBK